| 000 | 01101nam a2200217Ia 4500 | ||
|---|---|---|---|
| 003 | Ost | ||
| 005 | 20260507075111.0 | ||
| 008 | 260507s9999||||xx |||||||||||||| ||und|| | ||
| 020 | _a9959300013 | ||
| 040 | _cfsecg | ||
| 041 | _aara | ||
| 082 | _a500 | ||
| 100 |
_aسترانج، جالبرت _eمؤلف |
||
| 245 | 0 |
_aالجبر الخطي وتطبيقاته / _c جالبرت سترانج |
|
| 260 |
_aبيروت: _bدار الفكر العربي, _c2000 |
||
| 300 |
_a903 صفحة؛ _bإيضاحات ؛ _c24 سم |
||
| 504 | _aببليوغرافيا:ص.5-8؛الملاحق:ص.763-818؛كشاف المصطلحات العلمية:889-903 | ||
| 520 | _aحذف جاوس،نظرية المعادلات الآنية الخطية،الاسقاطات المتعامدة والقيمة الصغرى،المحددات،القيم الذاتية والمتجهات الذاتية،المصفوفات المعرفة الموجبة،الحسابات باستخدام المصفوفات،البرمجة الخطية ونظرية المباريات | ||
| 653 | _aالجبر الخطي | ||
| 942 | _cكتاب | ||
| 999 |
_c42906 _d42906 |
||